1007 1271 1716 1717 1293 1077 1525 1966 1101 1275 1451 1960 1052 1990 1060 1228 1641 1212 1643 1499 1505 1279 1104 1409 1739 1905 1727 1089 1094 1292 1198 1223 1020 1196 1363 1600 1272 1898 1123 1583 1993 1051 1351 1500 1220 1600 1312 1258 1258 1997 1150 1489 1476 1800 1694 1462 1870 1406 1654 1666 1698 1293 1089 1342 1005 1969 1935 1579 1845 1010 1760 1225 1986 1850 1538 1514 1782 1244 1357 1217 1926 1519 1643 1270 1475 1026 1753 1864 1885 1378 1228 1657 1699 1881 1488 1419 1283 1273 1035 BCNSPRNW ULIB Ver.6.0+V

เปลี่ยนเป็นภาษาไทย

Change to English
 แสดงรายละเอียดบรรณานุกรม
  กลับหน้าหลัก

Brief Record : Get Marc (ISO 2709) : E-mail record : QR code < ปิดหน้าต่าง
LEADER : 00000nam 2200000uu 4500
001    13399123121
003     ULIB
008    140228s||||||||th 000 0 tha d
020    ^a9748989887
050 04 ^aQA135^bม114ค 2548
100 0  ^aมงคล ทองสงคราม
245 10 ^aคณิตศาสตร์พื้นฐาน = Introductory mathematics /^cมงคล ทองสงคราม
246 31 ^aIntroductory mathematics
250    ^aพิมพ์ครั้งที่ 4
260    ^aกรุงเทพฯ :^bรามาการพิมพ์,^c2548
300    ^a[355] หน้า :^bภาพประกอบ
504    ^aบรรณานุกรม: [355]
650  7 ^aคณิตศาสตร์
945    ^p225^l0^i14168
945    ^p225^l0^i14167
995    ^aกัณชพร
999 ^a กัณชพร
รายการนี้ยังไม่มีแท็ก
คุณยังไม่ได้ล็อกอิน คุณสามารถมีกิจกรรมร่วมกับเว็บไซต์ได้ แต่ต้องล็อกอินก่อน ::
  ล็อกอิน

รายการสื่อสารสนเทศ

ลำดับที่ ประเภท เลขเรียก/บาร์โค้ด สถานที่ สถานะ
1. วิทยาศาสตร์การแพทย์ และสุขภาพ
วิทยาศาสตร์การแพทย์ และสุขภาพ
QA135 ม114ค 2548  
  Barcode: 14168
ห้องสมุดวิทยาเขตนครสวรรค์
►หนังสือทั่วไป:l:General Books
บนชั้น
2. วิทยาศาสตร์การแพทย์ และสุขภาพ
วิทยาศาสตร์การแพทย์ และสุขภาพ
QA135 ม114ค 2548 ฉ.2 
  Barcode: 14167
ห้องสมุดวิทยาเขตนครสวรรค์
►หนังสือทั่วไป:l:General Books
บนชั้น

รายการใกล้เคียง
    ผู้แต่ง [มงคล ทองสงคราม]

    หัวเรื่อง [คณิตศาสตร์]

BibComment


ยังไม่เคยถูกคอมเมนท์

คอมเมนท์ทรัพยากรรายการนี้
  คอมเมนท์: คณิตศาสตร์พื้นฐา..


 Copyright 2026. Bcnsprnw @Library